| 000 | 00335nam a2200097Ia 4500 | ||
|---|---|---|---|
| 008 | 220204s9999 xx 000 0 und d | ||
| 082 |
_a3:016(043) _bSOC |
||
| 245 | 0 | _aSocial sciences: A bibliography of doctoral dissertations accepted by Indian university, 1857-1970 | |
| 260 |
_aDelhi _bInter University Board of India _c1974 |
||
| 942 | _cBK | ||
| 999 |
_c22675 _d22675 |
||